000 00264nam a22001097a 4500
082 _a001 BHA'U
100 _aBHATTI, IQBAL AHMAD
_976058
245 _aUNIVERSAL GENERAL KNOWLEDGE AALMI WAKFIAT AAM
260 _aJHELUM
_bBHATI
_c1980
300 _a463P
942 _cBK
999 _c581467
_d581467